000 01036nam a2200253Ia 4500
999 _c56416
_d56416
001 23529
003 GE_BSU
005 20260223115822.0
008 181216s1990||||ge |||||||||||||| ||geo||
020 _a5511003379
040 _cGE_BSU
041 _ageo
080 _a94(37)(092) ქ-15
100 _aქავთარია, გრანი
_915333
245 _aძმები გრაკხუსები /
_cგრანი ქავთარია ; რედ. : ლ. სანიკიძე ; მხატვ. : ო. ვარვარიძე.
264 _aთბილისი :
_bთბილ. უნ-ტის გამ-ბა,
_c1990.
300 _a268 გვ. ;
_c20 სმ.
541 _h1 ლ.
653 _aძველი რომის ისტორია
653 _aძმები გრაკხუსები
700 _aსანიკიძე, ლ.
_eრედაქტორი
_9476
700 _aვარვარიძე, ო.
_eმხატვარი
_926947
942 _cBK
_2udc